A carregar...
American Power and the New Mandarins
| Autor principal: | |
|---|---|
| Formato: | Printed Book |
| Idioma: | English |
| Publicado em: |
India
penguin Books
2003
|
| LEADER | 00437nam a2200109Ia 4500 | ||
|---|---|---|---|
| 008 | 111205s9999 xx 000 0 eng d | ||
| 100 | |a Chomsky ,Noam | ||
| 245 | |a American Power and the New Mandarins |c Chomsky ,Noam | ||
| 260 | |b penguin Books |a India |c 2003 | ||
| 942 | |c BK | ||
| 999 | |c 226455 |d 226455 | ||
| 952 | |0 0 |1 0 |2 ddc |4 0 |6 E_327_730000000000000_CHO_A |7 0 |9 249961 |a MAL |b MAL |c ST1 |d 2011-12-05 |g 0.00 |l 0 |o E 327.73 CHO/A |p MAL27930 |r 2011-12-05 |v 375.00 |w 2011-12-05 |y BK | ||